Football - Les coéquipiers français de Cristiano Ronaldo - Statistiques

Statistiques générales
  • Ce quiz a été pris 332 fois
  • Le résultat moyen est 7 sur 14
Statistiques - réponses
Club commun / Poste Nombre de minutes jouées ensemble Réponse % Correct
Real Madrid (ATT) 22367 minutes de jeu Karim BENZEMA
99%
Manchester United et Real Madrid (DEF) 2085 minutes de jeu à MU et 15525 au Real Raphaël VARANE
96%
Manchester United (MIL) 1285 minutes de jeu Paul POGBA
76%
Manchester United (DEF) 9042 minutes de jeu Patrice EVRA
74%
Juventus Turin (MIL) 4569 minutes de jeu Adrien RABIOT
67%
Manchester United (ATT) 182 minutes de jeu Anthony MARTIAL
66%
Juventus Turin (MIL) 5690 minutes de jeu Blaise MATUIDI
64%
Real Madrid (MIL) 5172 minutes de jeu Lassana DIARRA
43%
Real Madrid (GB) 62 minutes de jeu Luca ZIDANE
43%
Al-Nassr (DEF) 1395 minutes de jeu Mohamed SIMAKAN
33%
Real Madrid (DEF) 462 minutes de jeu Théo HERNANDEZ
26%
Manchester United (ATT) 5132 minutes de jeu Louis SAHA
23%
Manchester United (DEF) 8463 minutes de jeu Mikaël SILVESTRE
22%
Manchester United (ATT) 667 minutes de jeu David BELLION
4%
Aucun quiz correspondant
Distribution des résultats
% des personnes avec chaque résultat
Percentile par nombre de réponses
Votre historique - résultats
Vous n’avez pas pris ce quiz